La estructura del discurso pedagogico : clases, codigos y control (volumen iv) /
Guardado en:
| Autor Principal: | |
|---|---|
| Formato: | Libro |
| Publicado: |
Madrid :
Morata,
1993
|
| Series: | Colección: Pedagogía - Educaci
|
| Materias: | |
| Etiquetas: |
Agregar Etiqueta
Sin Etiquetas, Sea el primero en etiquetar este registro!
|
| LEADER | 00698nam a22002175a 4500 | ||
|---|---|---|---|
| 001 | EHU.bham022113 | ||
| 003 | AR-BHAM | ||
| 005 | 20101105143042.0 | ||
| 008 | 130507s1993##################000#0#####d | ||
| 082 | 3 | 7 | |a 370.19 |
| 100 | 1 | |a Bernstein, Basil | |
| 245 | 1 | 0 | |a La estructura del discurso pedagogico : |b clases, codigos y control (volumen iv) / |c Basil Bernstein |
| 260 | |a Madrid : |b Morata, |c 1993 | ||
| 300 | |a 236 p. | ||
| 490 | 0 | |a Colección: Pedagogía - Educaci | |
| 500 | |a Traducción de Pablo Manzano.- | ||
| 653 | |a Sociologia de la educacion | ||
| 653 | |a Educacion | ||
| 653 | |a EnseÑanza-aprendizaje | ||
| 653 | |a Discurso | ||
| 859 | |a AR-BHAM |b BIB. HUMANIDADES - General |h 370.19 |i B458 |p 296.98 |t Ej.1 | ||
